00583nam a2200181 i 450000100060000000300090000600500170001500700030003200800410003510000200007624501400009625000150023626000410025130000340029270000280032670000140035485200330036874967ES-MaACL20230906172313.0t|040921s1979 xxu ||||1| spa d1 aGoth, Andrés.10aFarmacología médica b: principios y conceptos / cAndrés Goth, Parkhurst Allan Shore ; revisión en castellano S. Erill Sáez. a[8ª ed.]. aSaint Louis, etc. : bMosby, c1979. aIX, 742 p. : bil. ; c26 cm.1 aShore, Parkhurst Allan.1 aErill, S. aES-MaACLjC-21807 bR.100061